Les pilotes Aston Martin en Formule 1 - Statistiques

Statistiques générales
  • Ce quiz a été pris 495 fois
    426 depuis la dernière actualisation
  • Le résultat moyen est 4 sur 7
Statistiques - réponses
Nb de Grands Prix Saisons Nationalité Pilote % Correct
74 2021- Canada Lance Stroll
99%
31 2023- Espagne Fernando Alonso
98%
42 2021-2022 Allemagne Sebastian Vettel
97%
2 2022 Allemagne Nico Hülkenberg
72%
1 1960 France Maurice Trintignant
14%
4 1959 Etats-Unis Carroll Shelby
5%
5 1959-1960 Royaume-Uni Roy Salvadori
2%
Aucun quiz correspondant
Distribution des résultats
% des personnes avec chaque résultat
Percentile par nombre de réponses
Votre historique - résultats
Vous n’avez pas pris ce quiz depuis la dernière actualisation